Geography Quiz

Random Geography or Asia Quiz

Asian Capitals by Bordering Country Capitals Quiz Stats

 Plays Quiz Updated Oct 2, 2017

Score 0/49 Timer 15:00
0 Plays Today
% Correct
Tokyo
75.3%
Seoul
75%
Pyongyang
73.6%
Kathmandu
73.3%
Moscow
72.6%
Taipei
72%
Beijing
71%
Ulaanbaatar
70.3%
Manila
70.2%
Sri Jayawardenepura Kotte
70%
Jerusalem
69.9%
Sana'a
69.3%
Ankara
69.1%
Phnom Penh
68.7%
Malé
68.2%
New Delhi
67.8%
Riyadh
67.6%
Hanoi
67.2%
Kuala Lumpur
66.8%
Kuwait City
66.4%
Damascus
66.3%
Islamabad
66.1%
Vientiane
66.1%
Jakarta
65.9%
Baghdad
65.3%
% Correct
Muscat
65.1%
Abu Dhabi
65%
Dhaka
64.8%
Bangkok
64.8%
Tbilisi
63.9%
Ramallah
62%
Naypyidaw
61.9%
Amman
61.8%
Yerevan
61.4%
Singapore
61.4%
Baku
61.4%
Thimphu
60.7%
Beirut
58.5%
Doha
57.2%
Tashkent
56.4%
Manama
55.8%
Dili
55.2%
Tehran
55.1%
Nur-Sultan
52.5%
Kabul
52.3%
Bishkek
51.8%
Bandar Seri Begawan
46.6%
Ashgabat
46.2%
Dushanbe
45.9%

You're not logged in!

Compare scores with friends on all Sporcle quizzes.
OR
Log In

Show Comments

Extras

Top Quizzes Today


Score Distribution

Your Account Isn't Verified!

In order to create a playlist on Sporcle, you need to verify the email address you used during registration. Go to your Sporcle Settings to finish the process.

Report this User

Report this user for behavior that violates our Community Guidelines.

Details: